000 00429nam a2200193Ia 4500
005 20240823055237.0
008 240823s9999||||xx |||||||||||||| ||und||
020 _a81-7371-008-2
041 _aENGLISH
082 _A530 Q5
100 _aVenkataraman G
245 0 _aRaman and his Effect
250 _a1st
260 _c2015
_bUniversities
500 _aYES
650 _aStory
_bEnglish
942 _cBK
999 _c228329
_d228329